000 01855cam a2200385 a 4500
999 _c16888
_d16888
001 15303001
003 EG-ScBUE
005 20210322115318.0
008 080522t2009 nyu f bd 001 0 eng d
020 _a9780816073856
040 _aDLC
_beng
_erda
_cDLC
_dYDX
_dBTCTA
_dYDXCP
_dUKM
_dBWX
_dCDX
_dSGB
_dDLC
_dEG-ScBUE
082 0 4 _a820.900803
_bENC
_222
245 0 0 _aEncyclopedia of British writers, 1800 to the present /
_cDr. George Stade, general editor, professor emeritus Department of English and Comparative Literature, Columbia University [and fourth others]
250 _aSecond edition.
264 1 _aNew York, NY :
_bFacts on File, Inc.,
_c[2009]
264 4 _cc2009
300 _a2 volumes ;
_c24 cm.
336 _2rdacontent
_atext
_btxt
337 _2rdamedia
_aunmediated
_bn
338 _2rdacarrier
_avolume
_bnc
490 0 _aFacts on File library of world literature
500 _aRev. ed. of: Encyclopedia of British writers, 19th and 20th centuries. 2003.
504 _aIncludes bibliographical references and index.
505 0 _aVolume 1. 19th century -- Volume 2. 20th century and beyond.
650 7 _aEnglish literature
_y19th century
_vBio-bibliography
_vDictionaries.
_2BUEsh
_930659
650 7 _aEnglish literature
_y20th century
_vBio-bibliography
_vDictionaries.
_2BUEsh
_930660
650 7 _aAuthors, English
_y19th century
_vBiography
_vDictionaries.
_2BUEsh
_930661
650 7 _aAuthors, English
_y20th century
_vBiography
_vDictionaries.
_2BUEsh
_930662
651 _2BUEsh
653 _cJuly2012
_bHHUUEENN
655 _vReading book
_934232
700 1 _aStade, George,
_eeditor.
_930663
942 _2ddc
_cREFERENCE